| 000 | 00768nam a2200229Ia 4500 | ||
|---|---|---|---|
| 001 | 21424 | ||
| 003 | GE_BSU | ||
| 008 | 181216s||||||||xx |||||||||||||| ||und|| | ||
| 040 | _cGE_BSU | ||
| 080 | _aპერიოდიკა | ||
| 245 | _aВестник Древней истории №3 том 77 Июль-Август- Сентябрь 2017 | ||
| 245 | _bJournal of ancient history | ||
| 245 | _cГл. ред. А.И.Иванчук и др. | ||
| 260 | _aМосква | ||
| 260 | _bНаука | ||
| 260 | _c2017 | ||
| 300 | _a816 стр. 24см. | ||
| 653 | _aВестник Древней истории №3 том 77 Июль-Август- Сентябрь 2017 | ||
| 653 | _aПериодика | ||
| 653 | _aპერიოდიკა | ||
| 942 | _cCR | ||
| 999 |
_c54368 _d54368 |
||